Countries by previous flag - Statistics

General Stats
  • This quiz has been taken 7 times
  • The average score is 48 of 172
Answer Stats
Picture Answer % Correct
United States
100%
Australia
80%
United Kingdom
80%
Bangladesh
60%
Brazil
60%
Bulgaria
60%
Canada
60%
France
60%
Hungary
60%
Italy
60%
Mongolia
60%
Netherlands
60%
Palau/Marshall Islands/F.S. Micronesia
60%
Sri Lanka
60%
Sweden
60%
Afghanistan
40%
Albania
40%
Andorra
40%
Argentina
40%
Bahrain
40%
Belarus
40%
Belize
40%
Bhutan
40%
Brunei
40%
Burundi
40%
Cambodia
40%
Costa Rica
40%
Croatia
40%
Cyprus
40%
Dominica
40%
Ecuador
40%
Egypt
40%
Equatorial Guinea
40%
Eswatini
40%
Finland
40%
Haiti
40%
Honduras
40%
India
40%
Iraq
40%
Ireland
40%
Israel
40%
Kazakhstan
40%
Kiribati
40%
Kyrgyzstan
40%
Lebanon
40%
Liechtenstein
40%
Malawi
40%
Malaysia
40%
Maldives
40%
Mauritania
40%
Mexico
40%
Morocco
40%
Mozambique
40%
Nepal
40%
New Zealand
40%
Nicaragua
40%
North Korea
40%
Norway
40%
Oman
40%
Panama
40%
Philippines
40%
Qatar
40%
Romania
40%
Russia
40%
Samoa
40%
San Marino
40%
Saudi Arabia
40%
Slovakia
40%
South Africa
40%
Spain
40%
St. Lucia
40%
Switzerland
40%
Syria
40%
Tunisia
40%
Turkey
40%
Uruguay
40%
Vatican City
40%
Venezuela
40%
Zimbabwe
40%
Austria
20%
Belgium
20%
Benin
20%
Bosnia & Herzegovina
20%
Burkina Faso
20%
Cameroon
20%
Cape Verde
20%
China
20%
Colombia
20%
Comoros
20%
Czech Republic
20%
D.R. Congo
20%
El Salvador
20%
Estonia
20%
Fiji
20%
Gabon
20%
Georgia
20%
Germany
20%
Ghana
20%
Greece
20%
Indonesia
20%
Iran
20%
Jordan
20%
Kenya
20%
Kuwait
20%
Laos
20%
Latvia
20%
Lesotho
20%
Liberia
20%
Libya
20%
Lithuania
20%
Madagascar
20%
Mali/Senegal
20%
Malta
20%
Moldova
20%
Myanmar
20%
North Macedonia
20%
Pakistan
20%
Papua New Guinea
20%
Peru
20%
Poland
20%
Portugal
20%
Rep. of the Congo
20%
Rwanda
20%
Serbia
20%
Seychelles
20%
Sierra Leone
20%
Slovenia
20%
St. Kitts & Nevis
20%
St. Vincent and the Grenadines
20%
Sudan
20%
Suriname
20%
Taiwan
20%
Tajikistan
20%
Tanzania
20%
Thailand
20%
Tuvalu
20%
United Arab Emirates
20%
Vanuatu
20%
Vietnam
20%
Yemen
20%
Algeria
0%
Antigua and Barbuda
0%
Armenia
0%
Azerbaijan
0%
Bahamas
0%
Barbados
0%
Bolivia
0%
Chile
0%
Dominican Republic
0%
East Timor
0%
Ethiopia
0%
Grenada
0%
Guatemala
0%
Guyana
0%
Iceland
0%
Jamaica
0%
Japan
0%
Mauritius
0%
Montenegro
0%
Nigeria
0%
Paraguay
0%
Singapore
0%
Solomon Islands
0%
Somalia
0%
Togo
0%
Tonga
0%
Trinidad & Tobago
0%
Turkmenistan
0%
Uganda
0%
Ukraine
0%
Uzbekistan
0%
Zambia
0%
No matching quizzes found
Score Distribution
Percent of People with Each Score
Percentile by Number Answered
Your Score History
You have not taken this quiz